000 00618nam a22001817a 4500
005 20251108175146.0
008 250721s2012 xx 000 0 ara d
082 1 4 _a956.046/دهم
100 1 _aالدهماني، تركي بن الحسن
245 1 0 _aالجامع الكبير في أخبار عمر بن عبد العزيز /
264 1 _aعمان :
_bأمواج للطباعة و النشر و التوزيع،
_c2012.
300 _a318ص.
650 1 7 _aخلافة عمر بن عبد العزيز 99-101ه
650 1 7 _aالتراجم
650 1 7 _aالاسلام
942 _2ddc
_cBK
999 _c127558
_d127558